[Event "Finnmark-ch qual"]
[Site "Karasjok"]
[Date "2003.11.23"]
[Round "5.4"]
[White "Esbensen, Hans Fredrik"]
[Black "Martinsen, Harald"]
[Result "1/2-1/2"]
[WhiteElo "1430"]
[BlackElo "1035"]
[PlyCount "81"]
[EventDate "2003.11.??"]
[EventType "swiss"]
[EventRounds "5"]
[EventCountry "NOR"]
[SourceTitle "EXT 2005"]
[Source "ChessBase"]
[SourceDate "2004.11.15"]
[SourceVersion "1"]
[SourceVersionDate "2004.11.15"]
[SourceQuality "1"]

1. Nf3 d5 2. e3 a6 3. c4 Nf6 4. Nc3 e6 5. d4 c5 6. cxd5 Nxd5 7. e4 Nxc3 8. bxc3 cxd4 9. cxd4 Bb4+ 10. Bd2 Bxd2+ 11. Qxd2 0-0 12. Be2 b5 13. 0-0 Bb7 14. Qf4 Nd7 15. Rfd1 Nf6 16. Bd3 h6 17. Rac1 Rc8 18. Rxc8 Qxc8 19. Rc1 Qb8 20. e5 Bxf3 21. Qxf3 Nd5 22. Qe4 g6 23. h4 Qd8 24. Qg4 Kg7 25. Rc6 Nb4 26. Rd6 Qe7 27. Be4 Rd8 28. a3 Rxd6 29. exd6 Qxd6 30. axb4 f5 31. Bxf5 exf5 32. Qg3 Qxd4 33. Qc7+ Kg8 34. Qc8+ Kf7 35. Qb7+ Ke8 36. Qxa6 Qxb4 37. Qxg6+ Kd8 38. Qb6+ Kd7 39. Kf1 h5 40. g3 Qb1+ 41. Ke2 1/2-1/2

[Event "Finnmark-ch qual"]
[Site "Karasjok"]
[Date "2003.11.21"]
[Round "1.3"]
[White "Martinsen, Harald"]
[Black "Mikalsen, Odd Erling"]
[Result "1-0"]
[WhiteElo "1035"]
[BlackElo "1537"]
[PlyCount "101"]
[EventDate "2003.11.??"]
[EventType "swiss"]
[EventRounds "5"]
[EventCountry "NOR"]
[SourceTitle "EXT 2005"]
[Source "ChessBase"]
[SourceDate "2004.11.15"]
[SourceVersion "1"]
[SourceVersionDate "2004.11.15"]
[SourceQuality "1"]

1. d4 Nf6 2. Nf3 d5 3. Bf4 g6 4. e3 Bg7 5. c4 Bg4 6. h3 Bf5 7. Nc3 c6 8. Qb3 b6 9. Be5 dxc4 10. Bxc4 e6 11. g4 b5 12. Bxb5 cxb5 13. gxf5 exf5 14. Qxb5+ Nbd7 15. Bd6 Ne4 16. Nxe4 fxe4 17. Ng5 a6 18. Qd5 Ne5 19. Ne6 Nd3+ 20. Ke2 Qc8 21. Nc7+ Qxc7 22. Bxc7 0-0 23. Qxe4 Nxb2 24. Qc2 Rfc8 25. Qxb2 Rxc7 26. Rac1 Re7 27. Rc4 h5 28. Qb4 Raa7 29. Rc8+ Kh7 30. Qc4 a5 31. a4 Rab7 32. Qc3 Rb4 33. Rc4 Rbb7 34. Rg1 Re6 35. Rg5 f5 36. Rc6 Rbe7 37. Rxe6 Rxe6 38. Qc4 Rf6 39. Qd3 Rb6 40. Qc2 Kh6 41. Rg1 f4 42. Rb1 Re6 43. Kf3 fxe3 44. fxe3 Rf6+ 45. Ke2 Bf8 46. Qc8 Rf5 47. Rb6 Rf7 48. Qe6 Rg7 49. Qf6 Be7 50. Qe6 Bg5 51. d5 1-0